000 00538nam a2200169Ia 4500
008 090711s9999 xx 000 0 und d
082 _b57634
100 _aकंटक कामिनी
245 _aशय्यासुखाSाा सोबती
260 _c1981
300 _a84
600 _aकंटक कामिनी
630 _aशय्यासुखाSाा सोबती
700 _aकंटक कामिनी
730 _aशय्यासुखाSाा सोबती
942 _cBOOK
999 _c318400
_d318400